Olympics men's field hockey Top 4 Positions - Statistics

General Stats
  • This quiz has been taken 99 times
  • The average score is 15 of 18
Answer Stats
Answer % Correct
Australia
99%
India
96%
West Germany
96%
Germany
95%
Pakistan
94%
Netherlands
93%
Argentina
89%
Belgium
88%
Great Britain
84%
New Zealand
83%
Spain
83%
United States
83%
France
82%
Japan
75%
Soviet Union
72%
South Korea
66%
Poland
47%
Denmark
46%
No matching quizzes found
Score Distribution
Percent of People with Each Score
Percentile by Number Answered
Your Score History
You have not taken this quiz